000 00569nam a2200229Ia 4500
003 OSt
005 20221005123511.0
006 a|||||r|||| 00| 0
007 ta
008 221004b |||||||| |||| 00| 0 eng d
024 _a58001
037 _cTextual
040 _aCRL
_cCRL
_beng
041 _2eng
_aeng
082 _aV2:21wM11, B51
100 _aSmith H Boseworth
_9633756
245 0 _aLife of Lord Lawrence
260 _c1885
650 _aHISTORY
942 _hV2:21wM11, B51
_cTEXL
_2cc
999 _c1047610
_d1047610